Química I: primer año de educación media

Gardado en:
Detalles Bibliográficos
Main Authors: López Vivar, José Tomás (autor), Guzmán Porras, Javier Andrés (Author), Pavissich Thiers, Carolina (Author)
Outros autores: Marambio Montero, Leonor Aída (autora), Mora Cubillos, Daniel Pascual (autor)
Formato: Libro
Idioma:Lingua castelá
Publicado: Santiago Santillana del Pacífico 1999
Subjects:
Tags: Engadir etiqueta
Sen Etiquetas, Sexa o primeiro en etiquetar este rexistro!

MARC

LEADER 00000nam a2200000 a 4500
001 UCH8030
003 CL-VaPUC
008 091127e19990000CL |||||||||||||||||spa|d
020 |a 9561504464 
082 0 4 |a 540.712  |b LOP  |2 21 
100 |a López Vivar, José Tomás  |e autor  |9 547332 
700 |a Marambio Montero, Leonor Aída  |e autora  |9 544425 
700 |a Guzmán Porras, Javier Andrés  |e author  |9 549284 
700 |a Mora Cubillos, Daniel Pascual  |e autor  |9 544423 
700 0 |a Pavissich Thiers, Carolina  |e author  |9 544421 
245 1 0 |a Química I: primer año de educación media 
300 |a 176 p 
942 |c BK 
945 |d 20091127 00:00:00  |a lazolas 
260 |a Santiago  |b Santillana del Pacífico  |c 1999 
650 0 |a Química  |9 259896 
650 0 |a Enseñanza de la química  |9 339845 
650 0 |a Libros de texto  |9 270019 
650 0 |a Educación científica   |9 307484 
583 |a last modification  |c 20091127 00:00:00  |k Rodrigo Vera 
999 |c 338299  |d 338297